000 00797nam a2200229Ia 4500
003 GCL
008 140319s9999 xx 000 0 ara d
040 _aGCL /
_cGCL
082 0 4 _a811.6
_bد م
100 1 _aطه حسين
245 1 0 _aالمطرب من أشعار اهل المغرب /
_cطه حسين
700 1 _aاحمد احمد بدوى
700 1 _aحامد عبدالمجيد
700 1 _aابراهيم الابيارى
700 1 _aابن رحية الكلبى، مجدالدين
300 _a304 ص
490 _aالهيئة العامة للاستعلامات
_v0
650 0 4 _aالشعر العربى - تاريخ ونقد
650 0 4 _aالشعر العربى - العصر الاندلسى
650 0 4 _aالادب العربى - مجموعات
942 _2ddc
_cBK
999 _c51752
_d51752